00353nam a2200133Ia 4500008004100000041000800041082001500049100002600064245005300090260002900143300001600172365000700188650002400195210719s1962 xx 000 0 und d aeng a810.9 HOFT aHOFFMAN (Frederick J) aTwenties American writing in the postwar decade. aN YbCollier Booksc1962 axiv,516bPB cRs aAmerican Literature